00407nam a2200193Ia 4500003000900000008004100009040001300050040001300063041000800076100001900084245002900103250000900132260001200141260000900153300001100162300001000173490002100183490000900204IT-RoPAU120407s9999 xx 000 0 und d aIT-RoPAU cIT-RoPAU aita aRaoul Manselli aS. Francesco d’Assisi. aRoma aBulzoni c1980 a362 p. c21 cm aBibl. di cultura v1182